Planning in intelligent systems : (Record no. 18547)
[ view plain ]
| 000 -LEADER | |
|---|---|
| fixed length control field | 01463cam a22003494a 4500 |
| 005 - DATE AND TIME OF LATEST TRANSACTION | |
| control field | 20230530142426.0 |
| 008 - FIXED-LENGTH DATA ELEMENTS--GENERAL INFORMATION | |
| fixed length control field | 050725s2006 njua b 001 0 eng |
| 010 ## - LIBRARY OF CONGRESS CONTROL NUMBER | |
| LC control number | 2005021353 |
| 020 ## - INTERNATIONAL STANDARD BOOK NUMBER | |
| ISBN | 0471734276 (hdbk.) |
| 035 ## - SYSTEM CONTROL NUMBER | |
| System control number | (OCoLC)ocm61162269 |
| 040 ## - CATALOGING SOURCE | |
| Original cataloging agency | DLC |
| Transcribing agency | DLC |
| Modifying agency | YDX |
| -- | BAKER |
| -- | UKM |
| -- | IXA |
| -- | COO |
| -- | EYE |
| -- | DLC |
| 042 ## - AUTHENTICATION CODE | |
| Authentication code | pcc |
| 050 00 - LIBRARY OF CONGRESS CALL NUMBER | |
| Classification number | QA76.76.E95 |
| Item number | P533 2006 |
| 082 00 - DEWEY DECIMAL CLASSIFICATION NUMBER | |
| Classification number | 006.33 |
| Edition number | 22 |
| Item number | JOR-P |
| 100 ## - MAIN ENTRY--AUTHOR | |
| Author Name | Jorna,Rene J |
| 245 00 - TITLE STATEMENT | |
| Title | Planning in intelligent systems : |
| Remainder of title | aspects, motivations, and methods / |
| Statement of responsibility, etc. | edited by Wout van Wezel, Rene Jorna, Alexander Meystel. |
| 260 ## - PUBLICATION, DISTRIBUTION, ETC. | |
| Place of Publication | Hoboken, N.J. : |
| Name of publisher, distributor, etc. | Wiley-Interscience, |
| Date of publication, distribution, etc. | c2006. |
| 300 ## - PHYSICAL DESCRIPTION | |
| Pages | xii, 574 p. : |
| 500 ## - GENERAL NOTE | |
| General note | "A John Wiley & Sons publication." |
| 504 ## - BIBLIOGRAPHY, ETC. NOTE | |
| Bibliography, etc. note | Includes bibliographical references (p. 531-563) and indexes. |
| 650 #0 - SUBJECT ADDED ENTRY--TOPICAL TERM | |
| Subject / Department | Expert systems (Computer science) |
| 650 #0 - SUBJECT ADDED ENTRY--TOPICAL TERM | |
| Subject / Department | Intelligent control systems. |
| 650 #0 - SUBJECT ADDED ENTRY--TOPICAL TERM | |
| Subject / Department | Artificial intelligence. |
| 700 1# - ADDED ENTRY--PERSONAL NAME | |
| Personal name | Wezel, Wout van. |
| 700 1# - ADDED ENTRY--PERSONAL NAME | |
| Personal name | Jorna, Rene. |
| 700 1# - ADDED ENTRY--PERSONAL NAME | |
| Personal name | Meystel, A. |
| 300 ## - PHYSICAL DESCRIPTION | |
| -- | ill. ; |
| -- | 25 cm. |
| 856 41 - | |
| -- | Table of contents |
| -- | http://www.loc.gov/catdir/toc/ecip0516/2005021353.html |
| 856 42 - | |
| -- | Publisher description |
| -- | http://www.loc.gov/catdir/enhancements/fy0622/2005021353-d.html |
| 906 ## - LOCAL DATA ELEMENT F, LDF (RLIN) | |
| a | 7 |
| b | cbc |
| c | orignew |
| d | 1 |
| e | ecip |
| f | 20 |
| g | y-gencatlg |
| 952 ## - LOCATION AND ITEM INFORMATION (KOHA) | |
| -- | 0 |
| -- | 0 |
| Lost status | Damaged status | Collection code | Permanent Location | Current Location | Shelving Location | Date acquired | Full Call Number | Accession No./Barcode | Date last seen | item type | Koha item type |
|---|---|---|---|---|---|---|---|---|---|---|---|
| CS/IT | Superior Information Resource Center (SIRC) Superior University- Gold Campus | Superior Information Resource Center (SIRC) Superior University- Gold Campus | Control Systems | 05/30/2023 | OO6.33 JOR-P 2006 | 19240 | 05/30/2023 | BOOK | BOOK |
